00618nam a2200181Ia 4500952013700000999001300137003000400150005001700154008004100171040000900212082002500221100002300246245004400269260004700313300000900360650001100369942005600380 00102ddc40708QUR'ANaMESbMEScARBd2019-02-20g11.00l0o297.122594812 MOU/Vp4586r2019-02-20 00:00:00w2019-02-20yREFzU15R1 c119d119OSt20210914105458.0190216s9999||||xx |||||||||||||| ||und|| coclc a297.122594812bMOU/V aMoulavi, Ali98667 0aVishudha Quran Paribasha /cAli Moulavi bYamuna Publications, aThiruvananthapuram: a824p aArabic cBK2ddch297.122594812iMOU/Vk297.122594812mMOU/V